| 000 | 00348nam a22001577a 4500 | ||
|---|---|---|---|
| 003 | SGT | ||
| 020 | _a9789380316178 | ||
| 082 |
_a615.1 _bP11K |
||
| 100 | _aKAR, ASHUTOSH | ||
| 245 | _aPHARMACEUTICAL INDUSTRIAL MANAGEMENT | ||
| 250 | _a1ST | ||
| 260 |
_aNEW DELHI _bAHUJA PUB. _c2011 |
||
| 300 | _a242 | ||
| 650 | _aPHARMACY | ||
| 942 |
_2ddc _cBK _04 |
||
| 999 |
_c23045 _d23045 |
||